Loading...
management accounting : principles and practice
| Main Author: | |
|---|---|
| Other Authors: | |
| Format: | Printed Book |
| Published: |
New Delhi
Kalyani
2001
|
| Subjects: |
| LEADER | 00517nam a22001457a 4500 | ||
|---|---|---|---|
| 020 | |a 8176636886 | ||
| 082 | |a 658.151 1 |b SHA/M | ||
| 100 | |a Sharma, R.K. | ||
| 245 | |a management accounting : principles and practice | ||
| 260 | |a New Delhi |b Kalyani |c 2001 | ||
| 650 | |a Management accounting | ||
| 700 | |a Gupta, Shashi K. | ||
| 942 | |c BK | ||
| 999 | |c 43184 |d 43184 | ||
| 952 | |0 0 |1 0 |4 0 |6 658_151000000000000_1_SHAM |7 0 |8 Stack |9 47119 |a KUCL |b KUCL |c Stack |d 2017-01-03 |g 275.00 |l 4 |m 2 |o 658.151 1 SHA/M |p G2002 |r 2020-12-04 |s 2020-11-10 |w 2017-01-03 |y BK | ||